000 00263nam a22001217a 4500
008 180122b xxu||||| |||| 00| 0 eng d
041 _aeng
080 _a37
100 _a46
101 _aEDU
245 _aMAKING WORLD WORK BETTER
_cKEVIN.M
942 _2udc
_cBK
999 _c40671
_d40671